000 00337 a2200157 4500
001 61008
020 _a851603545X
040 _cAnchieta - Pituba
100 _aCarrasco, Walcyr
240 1 0 _aO garoto da novela
_lpor
245 1 0 _aO garoto da novela
300 _a160
362 0 _a2003
650 4 _aLiteratura juvenil
942 _cBK
999 _c61008
_d61008